01270nam a22002177a 450000500170000000800410001704000250005804100080008304400070009110000340009824501350013226001060026730000220037350000430039550503210043852002210075965000180098065000260099865000180102465000100104220180803165517.0131126b2007 ck ||||| |||| 00| 0 spa d aCO-BoIAVHcCO-BoIAVH aspa ack aCarmmaert Gutiérrez- Camila aConsolidado documento síntesis del componente de sensibilización y concertación en biodiversidad a los sectores productivos. aBogotábInstituto de Investigación de Recursos Biológicos Alexander von Humboldt c2007 a560 p.bilc28 cm aInforme tecnico contrato nº 07 lc-024 amemorias eventos sensibilización y concertación, encuentro nacional de agricultura sotenible,memorias importancia de la biodiversidad y la agrobiodiversidad en la agricultura y el desarrollo rural,memorias instrumentos y herramientas para la planificación agropecuaria sostenible con criterios de biodiversidad aIndicadores de sensibilización y concertación para la incorporación de la biodiversidad en las politicas sectoriales, talleres y reuniones capacitacion, memorias,reuniones tecnicas , talleres de concertación. aBiodiversidad aSeguridad alimentaria aSector minero aFauna